000 00996cam a2200229 a 4500
020 _a0784400555
082 0 0 _a624.151
_bGRO
245 0 0 _aGround failures under seismic conditions :
_bproceedings of the sessions sponsored by the Geotechnical Engineering Division of the American Society of Civil Engineers in conjunction with the ASCE National Convention in Atlanta, Georgia, October 9-13, 1994 /
_cedited by Shamsher Prakash and Panos Dakoulas.
260 _aNew York :
_bASCE,
_cc1994.
300 _av, 261 p. :
_bill. ;
_c22 cm.
526 _a0
_b0
_c0
_d624_151000000000000_GRO
650 0 _aGravel
_xCongresses.
_946630
650 0 _aMCE
_9379
650 0 _aSeismic waves
_xCongresses.
_946631
650 0 _aSilt
_xCongresses.
_946632
650 0 _aSoil dynamics
_xCongresses.
_946633
650 0 _aSoil liquefaction
_xCongresses.
_946634
700 1 _aDakoulas, Panos.
_946635
700 1 _aPrakash, Shamsher.
_926807
710 2 _aAmerican Society of Civil Engineers.
_9702
942 _2ddc
_cBK
999 _c549918
_d549918